00210nam a2200085Ia 4500008004100000245002700041260003000068260000900098999001700107170620s9999 xx 000 0 und d 0aNaitik Shiksha (Hindi) bAgra- Vinod Pustak Mandir c1996 c23647d23647